000 00730nam a2200229Ia 4500
003 OSt
005 20220927104740.0
006 a|||||r|||| 00| 0
007 ta
008 220926b |||||||| |||| 00| 0 eng d
024 _a147689
037 _cReference Collections
040 _aRTL
_cRTL
_beng
041 _2eng
_aeng
082 _a"X71:8.1(X).N9, N1/UN"
110 _a"UNITED NATIONS, TECHNICAL CO-OPERATION FOR DEVELOPMENT (Deptt. of-)"
245 0 _aGovernment financial management in least developed
260 _c1991
700 _a"UNITED NATIONS, TECHNICAL CO-OPERATION FOR DEVELOPMENT (Deptt. of-)"
942 _h"X71:8.1(X).N9, N1/UN"
_cCC
999 _c688534
_d688534